Malaguzzi i l'educació infantil a Reggio Emilia / Loris Malaguzzi
Descripción Física:
89 p. : il. , 21,5 cm
Colección:
Temes d'infància ; 25
Materias:
Ensenyament preescolar -- Itàlia
MARC
| LEADER | 00000nam a2200000Ia 4500 | ||
|---|---|---|---|
| 001 | 11455 | ||
| 008 | 160829s1996 xx 000 0 cat d | ||
| 080 | |a E-1-200 | ||
| 100 | |a Malaguzzi, Loris |9 29148 | ||
| 245 | |a Malaguzzi i l'educació infantil a Reggio Emilia / Loris Malaguzzi | ||
| 260 | |a Barcelona : |b Associació de Mestres Rosa Sensat : |b Diputació de Barcelona, |c 1996 | ||
| 300 | |a 89 p. : |b il. , 21,5 cm | ||
| 490 | |a Temes d'infància ; 25 | ||
| 650 | |a Ensenyament preescolar |x Itàlia |9 29149 | ||
| 710 | 1 | |a Barcelona (Catalunya : Província). |b Diputació |9 52408 | |
| 710 | 2 | |a Rosa Sensat (Associació) |9 54183 | |
| 901 | |a Arxiu | ||
| 942 | |n 1 | ||
| 952 | |0 0 |1 0 |4 0 |6 E1200 |7 1 |9 45077 |a Arxiu |b Arxiu |d 2016-12-01 |l 0 |o E-1-200 |p 11455 |r 2016-12-01 00:00:00 |w 2016-12-01 |y ARXIU | ||
| 999 | |c 47697 |d 47697 | ||